|
|
|
|
| LEADER |
00000nab a2200000 a 4500 |
| 001 |
vtls001020523 |
| 003 |
SK-MaSNL |
| 005 |
20260305035610.0 |
| 008 |
040720e20030000xo 0 slo |
| 035 |
|
|
|a SN6427
|
| 040 |
|
|
|a SNSK
|b slo
|c SNSK
|e AACR2
|
| 041 |
0 |
|
|a slo
|
| 044 |
|
|
|a xo
|c SK
|
| 080 |
|
|
|a 786.6(091)
|2 1981
|
| 100 |
1 |
|
|a Franzen, Peter
|4 aut
|9 12458
|
| 245 |
1 |
0 |
|a Markušovské organové prekvapenia
|b kráľovský pôvod,skromnosť "kráľovskej výsosti"nepríjemné červotoče"skaldisko" v organe záver
|
| 300 |
|
|
|b 1 foto
|
| 650 |
0 |
7 |
|a organ (hudobný nástroj)
|2 SNSK
|9 170726
|
| 650 |
0 |
7 |
|a popis
|2 SNSK
|9 556565
|
| 650 |
0 |
7 |
|a dejiny
|2 SNSK
|9 3825
|
| 651 |
|
7 |
|a Markušovce (Slovensko)
|2 SNSK
|9 31735
|
| 651 |
|
7 |
|a SN,
|2 SNSK
|9 1021277
|
| 773 |
0 |
8 |
|t Pokoj a dobro
|g Roč. 5, č.1 (2003), s. 9
|
| 852 |
|
|
|a ZVYKNI
|b KIS3GCP
|
| 999 |
|
|
|c 3334749
|d 3336679
|